| 000 | 00367nam a22001697a 4500 | ||
|---|---|---|---|
| 005 | 20230404104942.0 | ||
| 008 | 230403b |||||||| |||| 00| 0 eng d | ||
| 020 | _a978-81-265-7634-0 | ||
| 041 | _aeng | ||
| 082 | _a660.7 | ||
| 245 | _aBIOLOGY FOR ENGINEERS | ||
| 250 | _a1s ed. | ||
| 260 | _bWILEY | ||
| 300 | _a185;P. | ||
| 650 |
_aCS & IT _97752 |
||
| 942 | _cBK | ||
| 999 |
_c8288 _d8286 |
||